000
00297nam a22001337a 4500
008
171219b xxu||||| |||| 00| 0 eng d
020
_a
9780030523229
041
_a
eng
080
_2
4 ED
_a
82
100
_a
21
101
_a
GJU
245
_a
ELEMENTS LITERATURE
_c
ALLEN.L.V
942
_2
udc
_c
BK
999
_c
39139
_d
39139